Zlomky rukopisů v Národní knihovně České republiky

Bibliographic Details
Main Authors: Marek, Jindřich, 1978- (Author), Modráková, Renáta, 1978- (Author)
Format: Book
Language:Czech
PhysicalDescription:143., [25] s. fotogr., grafy 25 cm
Published: Praha Národní knihovna České republiky 2006
ISBN:8070504994
Edition:1. vyd.
Subjects:

MARC

LEADER 00000cam a2200000 a 4500
001 vtls009167089
003 SK-MaSNL
005 20260301170610.0
008 240318s2006 xr od f 000 0 cze
020 |a 8070504994  |q (brož.) 
040 |a SNK  |b slo  |c SNK  |e AACR2 
041 0 |a cze  |b ger 
043 |a e-xr--- 
044 |a xr  |c CZ 
072 7 |a 09  |x Rukopisy, prvotlače, staré tlače. Vzácne a pozoruhodné diela  |2 konspekt 
080 |a 091-021.332  |2 2001 
080 |a 025.3/.4:091  |2 2001 
080 |a (437.3)  |2 2001 
080 |a (083.81)  |2 2001 
080 |a (048.8)  |2 2001 
100 1 |a Marek, Jindřich,  |d 1978-  |4 aut  |9 111390 
245 1 0 |a Zlomky rukopisů v Národní knihovně České republiky  |c Jindřich Marek, Renáta Modráková 
250 |a 1. vyd. 
260 |a Praha  |b Národní knihovna České republiky  |c 2006 
300 |a 143., [25] s.  |b fotogr., grafy  |c 25 cm 
504 |a Bibliogr. odkazy 
546 |a Res. nem. 
610 2 7 |a Národní knihovna České republiky.  |b Oddělení rukopisů a starých tisků  |2 SNKPH  |9 168371 
650 0 7 |a fragmenty rukopisov  |2 SNKPH  |9 111609 
650 0 7 |a katalogizácia rukopisov  |2 SNKPH  |9 256325 
655 7 |a katalógy  |2 SNKPH  |9 60821 
655 7 |a štúdie  |2 SNKPH  |9 57033 
700 1 |a Modráková, Renáta,  |d 1978-  |4 aut  |9 111391 
919 |a 80-7050-499-4 
999 |c 828113  |d 830043 
952 |a SNK  |b SNK  |y VYP  |7 0  |p 17A0578327  |o snkIC 136293  |i snk2008/3741  |8 2  |g 2.95  |0 0  |1 0  |4 0  |d 2007-12-13  |l 0  |r 2026-02-24 03:28:00  |w 2026-02-24